Normal view
MARC view
Entry Topical Term
001 - CONTROL NUMBER
- control field: 20662
003 - CONTROL NUMBER IDENTIFIER
- control field: OSt
005 - DATE AND TIME OF LATEST TRANSACTION
- control field: 20230226164604.0
008 - FIXED-LENGTH DATA ELEMENTS
- fixed length control field: 230226|| aca||aabn | a|a d
040 ## - CATALOGING SOURCE
- Original cataloging agency: OSt
- Transcribing agency: OSt
150 ## - HEADING--TOPICAL TERM
- Topical term or geographic name entry element: ၵၢၼ်ၼင်ႈတြႃး၊ ဝိပသ်သၼႃႇ၊ ၵမ်ႇမထၢၼ်း
670 ## - SOURCE DATA FOUND
- Source citation: Work cat.: (OSt): ၸႃႇၵရ (ၸဝ်ႈၶိူဝ်းတႆး) 20661, လၢႆးၵၢၼ်ၽႃႇဝၼႃႇမဵတ်ႉတႃႇ, [ပီ]